000 01501nam a2200277 i 4500
003 DO-SdBNP
005 20250425143028.0
007 ta
008 240425e19? sp ac||| |||| 00| 1 spa d
040 _aDO-SdBNP
_bspa
_cBNPHU
_erda
041 _hspa
082 4 _a972.9302
_bB174a
_222
100 1 _aBalcácer, Juan Daniel,
_eautor
_4aut.
_984417
245 1 _aAcerca del nombre de nuestro país /
_cJuan Daniel Balcácer
264 1 _aSanto Domingo :
_bEdiciones Pedagogicas Dominicanas,
_cfecha no identificada
300 _a127 páginas ;
_c24 cm
336 _atexto
_btxt
_2rdacontent
337 _asin medición
_bn
_2rdamedia
338 _avolumen
_bnc
_2rdacarrier
505 _a ntroducción 9|Acerca del nombre de nuestro país 13|El nombre de la Isla / Emiliano Tejera 27|Hispaniola, No! - El error de Anglería / Federico Velázquez H. 33|Santo Domingo o la Española / Pedro Henríquez Ureña 37|Una opinión sobre la designación de la Isla /Alcides García Lluberes 39|Santo Domingo o La Española / Emilio Tejera Bonetti 47|Santo Domingo o La Española / Federico Henríquez y Carvajal 55|Hisjaniola / Jean Le Fureteur 59|La isla de Haití. Una lamentable iniciativa de la U. S. Geographic Board / Edmond Mangonés 62|Santo Domingo y República Dominicana / M. de J. Troncoso de la Concha 125
590 _aInventariado 2025/DG
650 4 _aNombres geográficos
_987495
_xRepública Dominicana
650 4 _aRepública Dominicana
_vNombre
_987536
910 _aDG
942 _2ddc
_cLBS1
999 _c58814
_d58814